000 00468cam a22001097a 4500
008 180718b1961 xxu||||| |||| 00| 0 eng d
082 _aQ6x42 Un3p
245 _aPrevention of prematurity and the care of premature infants : report of the sub-committee on the
_cby Ministry of Health, Central Health Services Council, London
260 _aLondon
_bHer Majesty's Stationery Office
_c1961
300 _a7p.
700 _aU.K. Central Health Services Council. Ministry of Health
999 _c418664
_d418664